banner-ar

Physical Examination and Health Assessment / (Record no. 16995)

MARC details
000 -الفاتح
حقل البيانات ثابتة الطول 00562nam a2200205Ia 4500
008 - عناصر البيانات ثابتة الطول - معلومات عامة
حقل البيانات ثابتة الطول 140319s9999 xx 000 0 eng d
040 ## - مصدر الفهرسة
وكالة الفهرسة الأصلية GCL /
وكالة النسخ GCL
082 04 - رقم تصنيف ديوى العشرى
رقم التصنيف 616.0754
رقم المادة J P
100 1# - المدخل الرئيسى - إسم شخصى
الإسم الشخصى JARVIS CAROLYN
245 10 - بيان العنوان
العنوان Physical Examination and Health Assessment /
بيان المسئوليه,etc JARVIS CAROLYN
260 ## - PUBLICATION, DISTRIBUTION, ETC. (IMPRINT)
تاريخ النشر أو التوزيع 1992
300 ## - الوصف المادى
التعداد 952 P
650 04 - المدخل الاضافى بالموضوع-مصطلح موضوعى
مصطلح موضوعي METHODS
650 04 - المدخل الاضافى بالموضوع-مصطلح موضوعى
مصطلح موضوعي PHYSICAL DIAGNOSIS
650 04 - المدخل الاضافى بالموضوع-مصطلح موضوعى
مصطلح موضوعي NURSING ASSESSMENT
650 04 - المدخل الاضافى بالموضوع-مصطلح موضوعى
مصطلح موضوعي PHYSICAL EXAMINATION
650 04 - المدخل الاضافى بالموضوع-مصطلح موضوعى
مصطلح موضوعي NURSES INSTRUCTION
942 ## - عناصر المدخل الإضافي( كوها)
مصدر التصنيف او مخطط الترفيف Dewey Decimal Classification
Koha [default] item type كتاب
260 ## - PUBLICATION, DISTRIBUTION, ETC. (IMPRINT)
-- [S.N] :
-- W.B. SAUNDERS COMPANY ،
Holdings
حالة التراجع حالة الفقد حالة تلف ليس للاعارة المكان المؤقت الموقع الحالى تاريخ الاكتساب اجمالي اﻻعارات رقم الطلب الباركود تاريخ اخر مشاهدة تاريخ تفعيل السعر نوع وعاء كوها
        مكتبة القاهرة الكبرى مكتبة القاهرة الكبرى 03/26/2014   S\616.0754\J P 30693 03/26/2014 03/26/2014 كتاب

Powered By

EGPV